Geography Quiz

Random Geography or Asia Quiz

Most Populous Cities: Persian Gulf Quiz Stats

Quiz Updated Sep 8, 2015

Challenge
Share
Tweet
Embed
Score 0/18 Timer 06:00
10 Plays Today
Population City % Correct
2,173,344Dubai
94.9%
1,031,875Abu Dhabi
86.9%
521,283Doha
72.6%
143,035Manama
46.3%
900,000Sharjah
22.3%
903,312Dammam
16%
435,751Bandar Abbas
10.7%
224,000Ras al-Khaimah
6.3%
250,000Ajman
5.8%
Population City % Correct
337,778Jubail
5.6%
195,222Bushehr
5.5%
147,649As Salimiyah
5%
637,411Al Ahmadi
3.2%
104,569Al-Faw
2.8%
164,212Hawalli
2.6%
118,327Al-Qatif
2.6%
139,163Sabah as Salim
1.7%
128,574Adh-Dhakhirah
0.7%

You're not logged in!

Compare scores with friends on all Sporcle quizzes.
Sign Up with Email
OR
Log In

You Might Also Like...

Show Comments

Extras

Top Quizzes Today


Score Distribution

Your Account Isn't Verified!

In order to create a playlist on Sporcle, you need to verify the email address you used during registration. Go to your Sporcle Settings to finish the process.